Entrepreneurship Theory At The Crossroads (Record no. 4648)

MARC details
000 -LEADER
fixed length control field 00393nam a2200157Ia 4500
003 - CONTROL NUMBER IDENTIFIER
control field OSt
008 - FIXED-LENGTH DATA ELEMENTS--GENERAL INFORMATION
fixed length control field 191201s2010 xx 000 0 und d
082 ## - DEWEY DECIMAL CLASSIFICATION NUMBER
Classification number 658.421
Item number MAE
100 ## - MAIN ENTRY--PERSONAL NAME
Personal name MANIMALA,Mathew J
245 #0 - TITLE STATEMENT
Title Entrepreneurship Theory At The Crossroads
250 ## - EDITION STATEMENT
Edition statement 2nd rep
260 ## - PUBLICATION, DISTRIBUTION, ETC. (IMPRINT)
Place of publication, distribution, etc New Delhi
Name of publisher, distributor, etc Wiley Dreautech India
Date of publication, distribution, etc 2010
300 ## - PHYSICAL DESCRIPTION
Extent 484
650 ## - SUBJECT ADDED ENTRY--TOPICAL TERM
Topical term or geographic name as entry element B.Tech(ME)
942 ## - ADDED ENTRY ELEMENTS (KOHA)
Source of classification or shelving scheme Dewey Decimal Classification
Koha item type Text Books
Holdings
Withdrawn status Lost status Source of classification or shelving scheme Damaged status Not for loan Collection code Home library Current library Date acquired Source of acquisition Cost, normal purchase price Bill Number Total Checkouts Full call number Acc. no. / Barcode Date last seen Bill Date Koha item type Checked out Date last borrowed Public note
    Dewey Decimal Classification     MBA PIET C-LIBRARY PIET C-LIBRARY 08/09/2010 J B C, New Delhi 449.00 IS-1085   658.421 MAE 16332 04/12/2019 31/08/2010 Text Books      
    Dewey Decimal Classification     MBA PIET C-LIBRARY PIET C-LIBRARY 08/09/2010 J B C, New Delhi 449.00 IS-1085 1 658.421 MAE 16333 22/01/2022 31/08/2010 Text Books 21/07/2022 22/01/2022 .
    Dewey Decimal Classification     MBA PIET C-LIBRARY PIET C-LIBRARY 08/09/2010 J B C, New Delhi 449.00 IS-1085   658.421 MAE 16334 04/12/2019 31/08/2010 Text Books      
    Dewey Decimal Classification     MBA PIET C-LIBRARY PIET C-LIBRARY 08/09/2010 J B C, New Delhi 449.00 IS-1085   658.421 MAE 16335 04/12/2019 31/08/2010 Text Books      
    Dewey Decimal Classification     MBA PIET C-LIBRARY PIET C-LIBRARY 08/09/2010 J B C, New Delhi 449.00 IS-1085   658.421 MAE 16336 04/12/2019 31/08/2010 Text Books      
    Dewey Decimal Classification     MBA PIET C-LIBRARY PIET C-LIBRARY 08/09/2010 J B C, New Delhi 449.00 IS-1085 1 658.421 MAE 16337 29/01/2025 31/08/2010 Text Books 18/08/2025 29/01/2025  

Design & Developed by: PIET Central Library
R70 Miles Stone Pattikalyana Samalkha Panipat 132102
mail ID :- [email protected], Phone No:- 0180-2569700 Ex.216